000 00213nam a2200097Ia 4500
100 _aSen/ Bhattacharya
942 _cBK
245 _aPrinciples of Metal Cutting
260 _bNew central book agency
300 _a641
999 _c21120
_d21120